000 01915nam a2200253Ia 4500
003 Ost
005 20260507075213.0
008 260507s9999||||xx |||||||||||||| ||und||
040 _cfsecg
041 _aara
082 _a330
100 _aأبو فارة، يوسف أحمد
_eمؤلف
245 0 _aإدارة الأسعار في الأسواق التقليدية و الالكترونية و أسواق المياه /
_c يوسف أحمد أبو فارة
260 _aعمان:
_bدار اثراء,
_c2009
300 _a594 صفحة؛
_bإيضاحات ؛
_c24 سم
504 _aمراجع ص.577
520 _aمدخل الى أسس التسعير ، أثر البيئة الداخلية و الخارجية في التسعير ، الارتفاع العام و الشامل و المستمر للاسعار ( التضخم) ، مداخل التسعير ، التسعير في هياكل السوق المختلفة ، استراتيجية التسعير ، التسعير في ظل الدورة الاقتصادية و عبر مراحل دورة حياة المنتج ، تطبيقات التسعير في قطاعات مختلفة ، تسعير الخدمات ، التسعير الدولي ، أسعار التمويل ، بحوث التسعير ، تسعير الخيارات ، تسعير المياه ، استخدام الانترنيت في منظمات الاعمال ، الانترنيت و بيئة التسعير الالكتروني ، التسعير الفاعل عبر الانترنيت ، مقارنات الاسعار و مزايدات الانترنيت ، النظام الاداري في الاسلام ، التسعير في النظام الاداري الاسلامي .
653 _aإدارة الانتاج
653 _aأدارة المبيعات
653 _aإدارة المشاريع
653 _aالأسعار
653 _aالتسويق
942 _cكتاب
999 _c43477
_d43477